[Event "Stay Safe Play From Home 143"]
[Site "T#645979Emanuel Laske"]
[Date "2020.05.12"]
[Round "4"]
[White "Eidgenosse"]
[Black "Little champs"]
[Result "1-0"]
[WhiteElo "2406"]
[BlackElo "2193"]
[Annotator "TA"]
[PlyCount "87"]
[EventDate "2020.05.12"]
[EventType "swiss (blitz)"]

{[%evp 15,87,-20,8,7,13,16,18,5,74,45,89,87,71,80,59,0,120,73,93,-29,72,-10,-4,-25,62,54,58,-75,-15,-26,262,267,268,269,319,149,156,146,222,212,229,222,412,400,504,-525,29964,29964,29990,1195,2014,1840,29997,29998,29998,29989,29990,29990,29990,29989,29989,29968,29967,29968,29971,5146,6269,6322,5918,5743,29998,29987,29998,29999]} 1. Nf3 e6 2. g3 d5 3. Bg2 c5 4. O-O Nc6 5. d3 Nf6 6. Nbd2 Be7 7. e4 O-O 8. Re1 d4 9. e5 {C00: French: Unusual White 2nd moves.} Nd7 10. a4 Qc7 {[%cal Rd7e5]} 11. Nc4 {The position is equal.} Rb8 (11... Nb6 $11) 12. Bf4 a6 13. a5 {[#]} b5 $146 ({Predecessor:} 13... Nb4 14. h4 Nd5 15. Ng5 Nxf4 16. gxf4 h6 17. Qh5 hxg5 18. hxg5 g6 19. Qh4 Qd8 {1-0 (48) Woellermann,L (1820)-Tenninger,J (1566) Verden 2010}) 14. axb6 $1 Nxb6 15. Nd6 (15. Nfd2 $14) 15... Bxd6 (15... Nd5 $11 {keeps the balance.}) 16. exd6 $16 Qd7 17. h4 (17. Nd2 $16) 17... Bb7 (17... Nd5 $11 {remains equal.}) 18. h5 (18. Nd2 $16) 18... f6 19. Bh3 Rbe8 (19... Nd8 $11) 20. h6 $36 {[%mdl 2048] White has good play.} g6 21. b3 (21. Nd2 $1 $14 {keeps the upper hand.} Nb4 22. Ne4 Bxe4 23. dxe4 (23. Rxe4 N6d5 $15)) 21... Nc8 ({Better is} 21... Nb4 $17) 22. Qe2 $11 f5 $2 {[%mdl 8192]} (22... Nd8 $11 {and Black has nothing to worry.}) 23. Ne5 $18 Nxe5 24. Qxe5 ({And not} 24. Bxe5 Nxd6 25. Bg2 Bxg2 $11) 24... Rf7 25. Bg2 (25. Qxc5 $18 {Hoping for Bg2.} Qb5 26. b4) 25... Bxg2 $16 26. Kxg2 Qc6+ (26... Qb5 $16 {is a better defense.} 27. b4 cxb4 28. Qxb5 (28. Qxd4 Rd7 $16) 28... axb5) 27. Kg1 $18 {And now Ra5 would win.} Rd7 {[%cal Rc8d6] [#]} 28. Ra5 $1 {[%cal Ra5c5]} Nxd6 $2 (28... Qxd6 {might work better.} 29. Rxc5 Qxe5 30. Bxe5 (30. Rcxe5 Kf7 $16) 30... Ne7) 29. Rxc5 Qf3 30. Rc6 $4 {[%mdl 8192]} (30. Qf6 $18 {and all is fine.} Rf7 31. Qxd4) 30... g5 $4 {[%mdl 8192]} (30... Qxc6 $19 31. Qf6 Rf7 32. Qxd4 Nb5) 31. Rxd6 {[%mdl 64] Double Attack} Rf7 32. Bxg5 (32. Rxe6 $142 Rxe6 33. Qxe6 Qa8 34. Bd6 a5 35. Qe8+ Rf8 36. Qd7 Qh1+ 37. Kxh1 Rf7 38. Re8+ Rf8 39. Rxf8#) 32... f4 33. Bxf4 Ree7 34. Rd8+ Rf8 35. Rxf8+ {[%mdl 64] [#] Overworked Piece} Kxf8 36. Qh8+ Kf7 37. Qxh7+ Ke8 38. Qe4 Qxe4 39. Rxe4 {KRB-KR} Kf7 40. Rxd4 (40. h7 $142 Kg7 41. Bd6 Re8 42. Rh4 Kf6 43. h8=Q+ Rxh8 44. Rxh8 e5 45. Rf8+ Ke6 46. Ba3) 40... Kg6 41. Re4 Kf5 42. Re5+ Kg4 43. d4 Rh7 44. Kg2 {Accuracy: White = 39%, Black = 30%.} 1-0

[Event "Stay Safe Play From Home 143"]
[Site "T#645979Emanuel Laske"]
[Date "2020.05.12"]
[Round "4"]
[White "Mepe_Nika"]
[Black "Onlyforchess"]
[Result "0-1"]
[WhiteElo "2313"]
[BlackElo "2566"]
[Annotator "TA"]
[PlyCount "70"]
[EventDate "2020.05.12"]
[EventType "swiss (blitz)"]

{[%evp 15,70,8,10,-27,-34,-131,-20,-27,-20,-14,-20,-23,105,95,58,53,41,112,268,25,26,-73,-68,-142,-132,-751,-746,-884,-877,-873,-866,-853,-820,-825,-578,-1256,-1227,-2239,-2239,-2025,-2022,-1885,-1891,-1534,-1481,-5485,-5435,-2038,-2036,-1842,-1749,-5597,-5518,-29983,-29985,-29988,-29989]} 1. d4 c5 2. c3 cxd4 3. cxd4 d5 4. Nc3 Nc6 5. Nf3 Nf6 6. Bf4 Bf5 7. e3 e6 8. Qb3 Bb4 9. a3 {D14: Slav Defence: Exchange variation with ...Bf5.} Bxc3+ $1 {[#]} 10. Qxc3 $146 (10. bxc3 $15 Qb6 11. Qxb6 axb6 12. Nd2) ({Predecessor:} 10. bxc3 O-O 11. Qxb7 Qa5 12. Qb2 Rab8 13. Bxb8 Rxb8 14. Qc1 Rb3 15. Nd2 Rxc3 16. Qd1 Rc2 17. Rc1 Qc3 18. Rxc2 Bxc2 19. Qc1 Na5 20. Ke2 Ng4 21. Qe1 Nb3 22. h3 Nxd4+ {0-1 (22) Gaprindashvili,V (2393)-Abdulov,O (2372) Baku 2019}) 10... O-O (10... Ne4 $17 11. Qc1 g5) 11. Bd3 $11 {The position is equal.} Ne4 12. Bxe4 Bxe4 13. Nd2 Bxg2 (13... Qd7 $11 {keeps the balance.}) 14. Rg1 $16 Bh3 15. Bh6 g6 $1 {White should prevent ...Re8.} 16. Bxf8 Qxf8 $2 (16... Kxf8 $16 17. e4 Qh4) 17. Nf3 $2 (17. e4 $18) 17... Rc8 $11 {White must now prevent ...Ne5!} 18. Qb3 (18. Qd2 $11 {remains equal.}) 18... Na5 $17 {[%mdl 1024] Black has strong compensation. White is on the road to losing.} 19. Qb4 (19. Qa4 $15 Nc4 20. Qb4 (20. Qxa7 Nxb2 21. Ne5 Qe7 $11)) 19... Qd8 20. Qd2 $2 {[%mdl 8192]} (20. b3 $17) 20... Nb3 $1 $19 {[%csl LRa1,LRd2][%mdl 64] Double Attack} 21. Qd1 Qa5+ 22. Nd2 Nxa1 23. Qxa1 Rc2 {[%csl Gc2][%cal Ra5d2]} 24. Qd1 Rxb2 25. f3 {[#]} Qc3 $1 26. Ke2 Bf5 {Threatens to win with ...Qd3+.} 27. e4 dxe4 28. fxe4 Bxe4 {Strongly threatening ...Bf3+.} 29. Rg3 Qxd4 30. Re3 Bf5 {( -> ...Bg4+)} 31. h3 h5 32. Qc1 {[#]} Rc2 $1 33. Qe1 h4 34. a4 g5 35. a5 Bg6 {Accuracy: White = 36%, Black = 68%.} 0-1

[Event "Stay Safe Play From Home 143"]
[Site "T#645979Emanuel Laske"]
[Date "2020.05.12"]
[Round "4"]
[White "Weltszmerc"]
[Black "Lazieri3"]
[Result "0-1"]
[WhiteElo "2090"]
[BlackElo "2081"]
[Annotator "TA"]
[PlyCount "106"]
[EventDate "2020.05.12"]
[EventType "swiss (blitz)"]

{[%evp 9,106,0,58,0,99,67,66,67,93,51,90,49,111,52,67,65,69,53,57,69,75,59,78,64,77,12,81,91,97,83,114,54,144,145,173,137,145,74,80,28,35,0,0,0,26,37,378,-4,318,288,316,81,232,234,223,2,569,565,1287,1245,12838,12839,4833,624,776,739,12828,6336,12827,12157,2170,1636,12836,12829,12833,12833,12845,12846,12846,12847,12847,12847,12849,12849,12850,12849,12850,12849,12850,12849,12850,12848,12849,12848,12850,12848,12850,12850,12850]} 1. d4 c6 2. c4 d5 3. Nf3 Nf6 4. g3 Bf5 5. Qb3 Qc8 (5... Qb6 $1 $11) 6. cxd5 {[#] D11: Slav Defence: 3 Nf3 sidelines and 3...Nf6 4 e3 Bg4.} (6. Nc3 $14) 6... Nxd5 $146 (6... cxd5 $11 7. Nc3 Nc6) ({Predecessor:} 6... cxd5 7. Nc3 e6 8. Bf4 Nc6 9. Rc1 Be7 10. Bg2 O-O 11. O-O Nh5 12. Be3 Nf6 13. Nh4 {1-0 (30) Martinez Ramirez,L (2410)-Bajarani,U (2540) Moscow 2016}) 7. Nc3 (7. Bg2 {seems wilder.} Nd7 8. O-O e6 9. Re1 N5b6 10. e4) 7... Nxc3 8. bxc3 {White is slightly better.} e6 9. Bg2 Be7 10. O-O O-O (10... Be4 $14) 11. Re1 ({White should try} 11. Ne5 $1 $16) 11... h6 12. e4 Bh7 13. Rb1 b6 14. Bf4 Nd7 15. Rbc1 a5 16. c4 a4 17. Qe3 ({White should play} 17. Qb2 $16) 17... Qa6 (17... g5 $11) 18. h4 $16 b5 19. cxb5 cxb5 20. d5 ({Better is} 20. Rc7 $16 Rad8 21. Bf1) 20... exd5 (20... Rac8 $1 $14) 21. exd5 Bf6 22. Rc6 Qa7 23. Qxa7 (23. Qe2 $142 {aiming for Rc7.} Bf5 24. Qxb5) 23... Rxa7 24. g4 (24. Bd6 $16) 24... b4 $1 $11 25. g5 hxg5 26. hxg5 Bc3 27. Re7 $36 {[%mdl 2048] Strongly threatening Be3. White has some pressure.} b3 $2 {[%mdl 8192]} (27... Bb1 $14) 28. axb3 $2 (28. Rxc3 $18 b2 29. Nd2) 28... axb3 $2 {[%mdl 8192]} (28... Bb4 $11 29. Re2 (29. Bd6 Bxd6 30. Rxd6 a3 $11) 29... axb3) 29. Rxc3 $18 b2 30. Rb3 $2 (30. Nd2 $18) 30... b1=Q+ $2 (30... Nc5 $16 31. Rxb2 (31. Rxa7 $2 {is the wrong capture.} Nxb3 32. Nd2 Nxd2 $19) 31... Rxe7) 31. Rxb1 Bxb1 32. Ne5 $2 (32. Be3 $18 Rb7 33. d6) 32... Ra1 $2 {[%mdl 8192]} (32... Bf5 $11 {and Black stays safe.}) 33. Nxd7 {White is clearly winning.} Be4+ 34. Kh2 Bxg2 35. Kxg2 Rd8 {[#]} 36. d6 (36. g6 $142 $1 fxg6 {[#]} 37. Be5 $1 {[%mdl 512]}) 36... Rd1 37. Nc5 R8xd6 38. Bxd6 Rxd6 {[%mdl 4096] Endgame KRN-KR} 39. Ne4 Rd4 40. f3 g6 41. Kg3 Kg7 42. Nf6 Rd8 43. Re8 Rxe8 44. Nxe8+ {KN-KPP} Kf8 45. Nf6 Kg7 46. f4 {Intending Nd7 and mate.} Kf8 47. Kf3 Kg7 48. Ke4 Kf8 49. Ke5 {Threatening mate with Kd6.} Ke7 50. Kd5 Kf8 51. Kd6 Kg7 52. Ke7 {White wants to mate with Ng4.} Kh8 53. f5 Kg7 {[%mdl 32768] Accuracy: White = 50%, Black = 37%. . Sensor Board Error (Ke4/e5)?} 0-1

[Event "Stay Safe Play From Home 143"]
[Site "T#645979Emanuel Laske"]
[Date "2020.05.12"]
[Round "4"]
[White "Don59as"]
[Black "Chessencounter"]
[Result "1-0"]
[WhiteElo "2076"]
[BlackElo "2146"]
[Annotator "TA"]
[PlyCount "49"]
[EventDate "2020.05.12"]
[EventType "swiss (blitz)"]

{[%evp 9,48,1,33,28,68,-12,277,-38,-36,-39,22,-36,0,-34,2,-6,521,514,517,520,508,505,607,596,671,637,647,516,774,776,29996,1039,29996,29997,29997,29998,29999,29997,29999,29998,29999]} 1. c4 Nf6 2. Nc3 g6 3. e4 Bg7 4. g3 d6 5. Bg2 Nbd7 6. Nge2 {A16: English Opening: 1...Nf6 with ...d5.} Ne5 {With the idea ...Nd3+.} 7. O-O {[#]} (7. d4 $14 Ned7 8. b3) 7... Nxc4 $146 {[%mdl 8192] [#]} (7... Nd3 $11) ({Predecessor:} 7... O-O 8. d3 Nfd7 9. f4 Nc6 10. Be3 e6 11. Qd2 a6 12. d4 Ne7 13. Rab1 Rb8 {1-0 (33) Madjar,S (2173)-Nikolic,V (1962) Serbia 2011}) 8. d4 $2 (8. Qa4+ $18 c6 9. Qxc4) 8... Nb6 $15 9. b3 Bd7 (9... c6 $15) 10. Bb2 (10. a4 $11 a5 11. e5) 10... Rc8 11. Re1 c5 12. dxc5 Rc7 $2 {[%mdl 8192]} (12... Rxc5 $11 {and Black is okay.} 13. a4 O-O) 13. cxb6 $18 axb6 14. Nd5 {[%mdl 64] [#] Double Attack} Rc5 15. Nxf6+ exf6 16. Qxd6 Qe7 17. Qxe7+ Kxe7 18. Rac1 Ke6 19. Ba3 Ra5 20. Bb4 (20. Nf4+ $142 Ke5 21. Red1 Rc5 22. Rxc5+ bxc5 23. Rd5#) 20... Rxa2 21. Nf4+ {White mates.} Ke5 22. Red1 {[%csl Gd1][%cal Rb4d6]} Bc6 23. Nd3+ Kd4 24. Nc5+ Ke5 25. f4# {Accuracy: White = 53%, Black = 18%.} 1-0

[Event "Stay Safe Play From Home 143"]
[Site "T#645979Emanuel Laske"]
[Date "2020.05.12"]
[Round "4"]
[White "CastlingArrocco"]
[Black "Tunca"]
[Result "1-0"]
[WhiteElo "2026"]
[BlackElo "1825"]
[Annotator "TA"]
[PlyCount "101"]
[EventDate "2020.05.12"]
[EventType "swiss (blitz)"]

{[%evp 12,101,30,31,33,26,43,37,41,28,46,39,31,23,29,16,94,-2,-16,-86,-60,-102,-98,-76,-76,-74,-39,-50,34,0,0,0,0,-1340,0,0,26,0,15,14,14,17,92,66,68,43,114,84,202,200,220,38,44,0,0,0,0,0,0,0,0,0,45,0,89,0,107,22,107,125,162,129,162,162,162,33,657,0,0,0,0,0,6,8,29978,29979,29978,29979,29987,29988,29988,29989]} 1. Nc3 d6 2. e4 e5 3. g3 f5 4. Bg2 Nf6 5. Nge2 Nc6 6. d3 Be7 7. O-O O-O {C25: Vienna Game: Alternatives to 2...Nf6.} 8. f4 Qe8 {[#]} 9. Nd5 $146 ({Predecessor:} 9. exf5 Qh5 10. Nd5 Bxf5 11. Nec3 Bg4 12. Bf3 Bxf3 13. Qxf3 Qxf3 14. Rxf3 Bd8 15. Nxf6+ Rxf6 {½-½ (24) Milner Barry,P-Littlewood,J Sunderland/ Tyne and Wear 1966}) 9... Nxd5 {White is slightly better.} 10. exd5 Nd8 11. c4 Nf7 12. fxe5 Nxe5 13. Nf4 Ng4 (13... Bf6 $1 $11) 14. Bf3 (14. Re1 $16) 14... Bf6 $11 15. Bxg4 (15. Kh1 $11) 15... fxg4 $17 16. Rb1 Bd4+ 17. Kg2 Bd7 {Hoping for ...g5.} 18. Bd2 Qe7 19. Bc3 Qe5 ({Black should play} 19... Be3 $15) 20. Bxd4 (20. Re1 $5 {[%cal Re1e5]} Qf6 21. Bxd4 Qxd4 22. Re4 $14) 20... Qxd4 21. Qd2 Bf5 {aiming for ...Be4+!} 22. Ne6 $2 {[%mdl 8192] [#]} (22. Rbe1 $11) 22... Bxe6 $2 (22... Be4+ $1 $19 {[%mdl 512]} 23. dxe4 Qxd2+ 24. Kh1 Rxf1+ 25. Rxf1 Qxb2) 23. dxe6 $11 Rae8 24. Qe2 Rf6 25. Rxf6 Qxf6 {[%mdl 4096] Endgame KQR-KQR} 26. Re1 Re7 (26... h5 $11) 27. Qe4 h5 28. d4 g6 (28... c6 $14) 29. d5 Kg7 (29... Qxb2+ $16 30. Re2 Qf6) 30. Re2 $18 Qf5 31. Qxf5 $2 (31. Qd4+ $18 Qf6 32. Qe3) 31... gxf5 {KR-KR} 32. Rf2 Kf6 33. Rf4 Ke5 34. Kf2 a6 35. Ke3 Rg7 36. Kd3 Re7 37. b4 Rg7 (37... c6 $11 {keeps the balance.}) 38. a4 ({White should try} 38. Rf2 $16) 38... b6 (38... c6 $11) 39. b5 ({Better is} 39. Rf1 $16) 39... a5 (39... axb5 $11 {remains equal.} 40. axb5 Rg8) 40. Rf1 $16 Re7 41. Re1+ Kf6 42. Ke3 Kg5 43. Rf1 (43. h3 $18) 43... h4 $2 {[%mdl 8192]} (43... Rh7 $14) 44. Rf4 $2 ({White must play} 44. gxh4+ $18 Kg6 45. Re1) 44... hxg3 $11 45. hxg3 Rh7 46. Ke2 Rh2+ 47. Rf2 Rxf2+ $4 {[%mdl 8192] [#]} (47... Rh3 $11) 48. Kxf2 {White mates.} Kf6 49. Ke3 f4+ 50. Kxf4 Kg6 51. Kxg4 {A wild game. Accuracy: White = 48%, Black = 51%.} 1-0

[Event "Stay Safe Play From Home 143"]
[Site "T#645979Emanuel Laske"]
[Date "2020.05.12"]
[Round "4"]
[White "Fischer_11"]
[Black "Kuewba"]
[Result "1-0"]
[WhiteElo "2025"]
[BlackElo "1656"]
[Annotator "TA"]
[PlyCount "91"]
[EventDate "2020.05.12"]
[EventType "swiss (blitz)"]

{[%evp 9,90,-79,575,568,628,432,1322,540,1677,1680,2326,2311,2256,2132,2246,2151,2402,2200,2483,2468,2416,2387,2893,2884,3497,3482,3618,3421,3505,3263,29985,29986,29988,29989,29990,29991,29993,29991,29991,29988,29991,29990,29991,29992,29992,29993,29994,29994,29994,29991,29991,29992,29992,29993,29994,29994,29994,29994,29995,29995,29995,29995,29995,29994,29994,29995,29995,29996,29996,29996,29998,29995,29996,29995,29996,29997,29997,29997,29997,29998,29998,29999,29999]} 1. e4 d5 2. a3 dxe4 3. Nc3 Nf6 4. Qe2 Bf5 5. Qb5+ {[#]} Qd7 $146 {[%mdl 8192]} (5... Bd7 $17 6. Qxb7 Nc6) ({Predecessor:} 5... Bd7 6. Qxb7 Bc6 7. Bb5 Nfd7 8. Bxc6 Nxc6 9. Qxc6 f5 10. Nb5 Rc8 11. Nxa7 Ra8 {1-0 (24) Paknyte,B-Gvatua,M (1159) Batumi 2016}) 6. Qxb7 $18 {B01: Scandinavian Defence.} Nc6 {...Rb8 is the strong threat.} 7. Bb5 Nd8 (7... Rb8 $142 8. Qxc6 Qxc6 9. Bxc6+ Bd7 10. Bxd7+ Kxd7) 8. Qxa8 (8. Bxd7+ $142 Bxd7 9. Qxa8) 8... Qxb5 9. Nxb5 Nd5 10. Qxd5 {[%cal Rb5c7]} e6 11. Nxc7+ Ke7 12. Qd4 e5 13. Qc4 Be6 14. Nxe6 Nxe6 15. Qxe4 f5 16. Qxe5 Kf7 17. Nf3 Be7 18. d4 Bf6 19. Qxf5 Re8 20. O-O {White mates.} Nxd4 21. Nxd4 Re5 22. Qd7+ Kg6 23. Qg4+ Kf7 24. c3 Re7 25. Be3 h6 26. Nf5 Re5 {[#]} 27. Bxh6 $1 Ke6 (27... gxh6 28. Nxh6+) 28. Bxg7 Rxf5 {[#]} 29. Qxf5+ $3 Kxf5 30. Bxf6 Kxf6 31. Rfe1 Kf5 32. Re3 Kf6 33. Rd1 Kf5 34. Rd4 Kf6 35. Ree4 Kf5 36. Rh4 Kf6 37. Rh6+ Kg7 38. Ra6 Kf7 39. Rxa7+ Ke8 40. Ra5 Ke7 41. Rb4 Ke6 42. Rb6+ Kd7 43. Rh6 Kc8 44. Ra7 {[%cal Rh6h8]} Kb8 45. Rg7 {[%cal Rh6h8]} Kc8 46. Rh8# {White took control after the opening.} 1-0

[Event "Stay Safe Play From Home 143"]
[Site "T#645979Emanuel Laske"]
[Date "2020.05.12"]
[Round "4"]
[White "Haxhi Baha"]
[Black "SoulofWolf"]
[Result "1-0"]
[WhiteElo "2007"]
[BlackElo "2122"]
[Annotator "RC"]
[PlyCount "99"]
[EventDate "2020.05.12"]
[EventType "swiss (blitz)"]

1. e4 {[%emt 0:00:02]} e6 {[%emt 0:00:00]} 2. d4 {[%emt 0:00:01]} d5 {[%emt 0:00:00]} 3. exd5 {[%emt 0:00:00]} exd5 {[%emt 0:00:00]} 4. Nf3 {[%emt 0:00:02]} c6 {[%emt 0:00:00]} 5. Bd3 {[%emt 0:00:01]} Bd6 {[%emt 0:00:01]} 6. O-O {[%emt 0:00:00]} Ne7 {[%emt 0:00:02]} 7. h3 {[%emt 0:00:00]} O-O {[%emt 0:00:00]} 8. Re1 {[%emt 0:00:00]} Bf5 {[%emt 0:00:01]} 9. Bg5 {[%emt 0:00:01]} f6 {[%emt 0:00:01]} 10. Bh4 {[%emt 0:00:01]} Na6 {[%emt 0:00:04]} 11. Rxe7 {[%emt 0:00:02]} Bxd3 {[%emt 0:00:01]} 12. Rxb7 {[%emt 0:00:02]} Be4 {[%emt 0:00:04]} 13. Nbd2 {[%emt 0:00:02]} c5 {[%emt 0:00:04]} 14. c3 {[%emt 0:00:01]} Nc7 {[%emt 0:00:04]} 15. dxc5 {[%emt 0:00:02]} Bxc5 {[%emt 0:00:02]} 16. Nxe4 {[%emt 0:00:01]} dxe4 {[%emt 0:00:00]} 17. Qxd8 {[%emt 0:00:01]} Rfxd8 {[%emt 0:00:02]} 18. Rxc7 {[%emt 0:00:01]} Bb6 {[%emt 0:00:02]} 19. Rb7 {[%emt 0:00:04]} exf3 {[%emt 0:00:01]} 20. gxf3 {[%emt 0:00:00]} Rd3 {[%emt 0:00:05]} 21. Re1 {[%emt 0:00:02]} Bc5 {[%emt 0:00:03]} 22. b4 {[%emt 0:00:03]} Bf8 {[%emt 0:00:01]} 23. c4 {[%emt 0:00:03]} Rxf3 {[%emt 0:00:01]} 24. c5 {[%emt 0:00:01]} Rxh3 {[%emt 0:00:01]} 25. Bg3 {[%emt 0:00:02]} Rh5 {[%emt 0:00:01]} 26. Rc1 {[%emt 0:00:02]} a5 {[%emt 0:00:11]} 27. a3 {[%emt 0:00:02]} axb4 {[%emt 0:00:01]} 28. axb4 {[%emt 0:00:00]} Rc8 {[%emt 0:00:00]} 29. c6 {[%emt 0:00:01]} Rd5 {[%emt 0:00:02]} 30. c7 {[%emt 0:00:01]} Rd7 {[%emt 0:00:01]} 31. b5 {[%emt 0:00:01]} Bd6 {[%emt 0:00:02]} 32. Bxd6 {[%emt 0:00:02]} Rxd6 {[%emt 0:00:00]} 33. Rb8 {[%emt 0:00:01]} Rdd8 {[%emt 0:00:01]} 34. cxd8=Q+ {[%emt 0:00:01]} Rxd8 {[%emt 0:00:00]} 35. Rxd8+ {[%emt 0:00:00]} Kf7 {[%emt 0:00:00]} 36. Rd6 {[%emt 0:00:01]} Kg6 {[%emt 0:00:00]} 37. Rc7 {[%emt 0:00:01]} h5 {[%emt 0:00:01]} 38. Rdd7 {[%emt 0:00:01]} h4 {[%emt 0:00:00]} 39. Rxg7+ {[%emt 0:00:01]} Kf5 {[%emt 0:00:00]} 40. Rh7 {[%emt 0:00:01]} h3 {[%emt 0:00:00]} 41. Rxh3 {[%emt 0:00:01]} Kf4 {[%emt 0:00:00]} 42. Re3 {[%emt 0:00:01]} Kf5 {[%emt 0:00:00]} 43. Rc5+ {[%emt 0:00:01]} Kg4 {[%emt 0:00:00]} 44. b6 {[%emt 0:00:00]} f5 {[%emt 0:00:00]} 45. b7 {[%emt 0:00:00]} f4 {[%emt 0:00:00]} 46. Re4 {[%emt 0:00:00]} Kf3 {[%emt 0:00:00]} 47. Rxf4+ {[%emt 0:00:01]} Ke2 {[%emt 0:00:00]} 48. b8=Q {[%emt 0:00:00]} Ke1 {[%emt 0:00:00]} 49. Qe5+ {[%emt 0:00:01]} Kd2 {[%emt 0:00:00]} 50. Rd4# {[%emt 0:00:01] (Lag: Av=0.50s, max=0.9s)} 1-0

[Event "Stay Safe Play From Home 143"]
[Site "T#645979Emanuel Laske"]
[Date "2020.05.12"]
[Round "4"]
[White "Ironmike"]
[Black "MARIO1962"]
[Result "1-0"]
[WhiteElo "1905"]
[BlackElo "1440"]
[Annotator "RC"]
[PlyCount "87"]
[EventDate "2020.05.12"]
[EventType "swiss (blitz)"]

1. e4 {[%emt 0:00:01]} c6 {[%emt 0:00:01]} 2. Nf3 {[%emt 0:00:00]} d5 {[%emt 0:00:00]} 3. exd5 {[%emt 0:00:00]} cxd5 {[%emt 0:00:01]} 4. d4 {[%emt 0:00:00]} Bf5 {[%emt 0:00:01]} 5. Bb5+ {[%emt 0:00:00]} Nc6 {[%emt 0:00:02]} 6. Bxc6+ {[%emt 0:00:01]} bxc6 {[%emt 0:00:01]} 7. O-O {[%emt 0:00:01]} e6 {[%emt 0:00:01]} 8. Re1 {[%emt 0:00:00]} Bd6 {[%emt 0:00:01]} 9. Ne5 {[%emt 0:00:00]} Bxe5 {[%emt 0:00:03]} 10. dxe5 {[%emt 0:00:02]} Ne7 {[%emt 0:00:01]} 11. c3 {[%emt 0:00:00]} c5 {[%emt 0:00:01]} 12. Bg5 {[%emt 0:00:01]} h6 {[%emt 0:00:03]} 13. Bh4 {[%emt 0:00:01]} g5 {[%emt 0:00:01]} 14. Bg3 {[%emt 0:00:01]} O-O {[%emt 0:00:01]} 15. Qh5 {[%emt 0:00:02]} Bg6 {[%emt 0:00:00]} 16. Qxh6 {[%emt 0:00:01]} Nf5 {[%emt 0:00:02]} 17. Qh3 {[%emt 0:00:02]} Nxg3 {[%emt 0:00:01]} 18. fxg3 {[%emt 0:00:04]} Kg7 {[%emt 0:00:00]} 19. Qg4 {[%emt 0:00:02]} Rh8 {[%emt 0:00:02]} 20. Rf1 {[%emt 0:00:01]} Bh5 {[%emt 0:00:02]} 21. Qa4 {[%emt 0:00:03]} Qe8 {[%emt 0:00:03]} 22. Qa3 {[%emt 0:00:02]} Qe7 {[%emt 0:00:01]} 23. Nd2 {[%emt 0:00:01]} Rhe8 {[%emt 0:00:01]} 24. Nf3 {[%emt 0:00:01]} c4 {[%emt 0:00:01]} 25. Qxe7 {[%emt 0:00:02]} Rxe7 {[%emt 0:00:02]} 26. Nxg5 {[%emt 0:00:00]} Bg6 {[%emt 0:00:03]} 27. Rae1 {[%emt 0:00:01]} Rf8 {[%emt 0:00:02]} 28. Rf2 {[%emt 0:00:01]} f6 {[%emt 0:00:01]} 29. exf6+ {[%emt 0:00:02]} Rxf6 {[%emt 0:00:01]} 30. Rxf6 {[%emt 0:00:01]} Kxf6 {[%emt 0:00:00]} 31. Nf3 {[%emt 0:00:01]} Bf7 {[%emt 0:00:00]} 32. Rf1 {[%emt 0:00:02]} Kg7 {[%emt 0:00:00]} 33. Ne5 {[%emt 0:00:01]} Kf8 {[%emt 0:00:00]} 34. Rxf7+ {[%emt 0:00:02]} Rxf7 {[%emt 0:00:01]} 35. Nxf7 {[%emt 0:00:00]} Kxf7 {[%emt 0:00:00]} 36. Kf2 {[%emt 0:00:01]} Kf6 {[%emt 0:00:00]} 37. Ke3 {[%emt 0:00:00]} e5 {[%emt 0:00:00]} 38. g4 {[%emt 0:00:00]} Ke6 {[%emt 0:00:00]} 39. h3 {[%emt 0:00:01]} Kd6 {[%emt 0:00:00]} 40. h4 {[%emt 0:00:00]} Ke6 {[%emt 0:00:00]} 41. h5 {[%emt 0:00:01]} a5 {[%emt 0:00:00]} 42. h6 {[%emt 0:00:01]} Kf6 {[%emt 0:00:01]} 43. g5+ {[%emt 0:00:01]} Kxg5 {[%emt 0:00:01]} 44. h7 {[%emt 0:00:01] MARIO1962 gibt auf (Lag: Av=0.23s, max=0.4s)} 1-0

[Event "Stay Safe Play From Home 143"]
[Site "T#645979Emanuel Laske"]
[Date "2020.05.12"]
[Round "4"]
[White "Lucknow"]
[Black "Mandy"]
[Result "1-0"]
[WhiteElo "1779"]
[BlackElo "924"]
[Annotator "NA RC"]
[PlyCount "29"]
[EventDate "2020.05.12"]
[EventType "swiss (blitz)"]

1. d4 {[%emt 0:00:01]} d5 {[%emt 0:00:02]} 2. c4 {[%emt 0:00:00]} c6 {[%emt 0:00:01]} 3. e3 {[%emt 0:00:00]} Bf5 {[%emt 0:00:02]} 4. Nf3 {[%emt 0:00:00]} Nf6 {[%emt 0:00:03]} 5. Nc3 {[%emt 0:00:01]} g6 {[%emt 0:00:01]} 6. Bd3 {[%emt 0:00:01]} Bg7 {[%emt 0:00:02]} 7. O-O {[%emt 0:00:02]} Bxd3 {[%emt 0:00:03]} 8. Qxd3 {[%emt 0:00:01]} O-O {[%emt 0:00:01]} 9. e4 {[%emt 0:00:01]} e6 {[%emt 0:00:05]} 10. Bg5 {[%emt 0:00:02]} Nbd7 {[%emt 0:00:04]} 11. e5 {[%emt 0:00:02]} h6 {[%emt 0:00:07]} 12. exf6 {[%emt 0:00:01]} Bxf6 {[%emt 0:00:05]} 13. Bxh6 {[%emt 0:00:05]} Bxd4 {[%emt 0:00:13]} 14. Qxd4 {[%emt 0:00:04]} c5 {[%emt 0:00:03]} 15. Qg7# {[%emt 0:00:01] (Lag: Av=0.40s, max=0.6s)} 1-0